| 000 | 00667nam a2200241Ia 4500 | ||
|---|---|---|---|
| 003 | OSt | ||
| 005 | 20220924131729.0 | ||
| 006 | a|||||r|||| 00| 0 | ||
| 007 | ta | ||
| 008 | 220923b |||||||| |||| 00| 0 hin d | ||
| 024 | _a142944 | ||
| 037 | _cTextual | ||
| 040 |
_aARTS _cARTS _bhin |
||
| 041 |
_2hin _ahin |
||
| 082 | _aY15.2'A, 152M2(P15)-;1 | ||
| 100 |
_aKujur S _9202750 |
||
| 245 | 0 | _aVedic avam dharma sastriya sahitaya mai nari | |
| 260 |
_aVaranasi _bVishvadidalaya Prakashan _c1982 |
||
| 300 |
_a347p. _ccm. |
||
| 650 | _aSOCIOLOGY | ||
| 942 |
_hY15.2'A, 152M2(P15)-;1 _cTEXL _2CC |
||
| 999 |
_c428042 _d428042 |
||